| 000 | 00692cam a2200205 4500 | ||
|---|---|---|---|
| 001 | ABS65307 | ||
| 008 | 020508n2002 000 0 eng u | ||
| 035 | _a(Sirsi) u117882 | ||
| 110 |
_aFranklin and Andrews _92518 |
||
| 245 | _aEuropean whole-life costs | ||
| 260 | _c2002 | ||
| 490 |
_aBuilding _v 267(8228) 5 April 2002, 70-71(2) |
||
| 520 | _aCompilation of European whole-life costs, including construction, occupancy, labour and location. Explains whole-life costs critical in decision of location for a project. Tables. | ||
| 590 | _aABS | ||
| 650 | _aWHOLE-LIFE COSTS | ||
| 650 | _aEUROPE | ||
| 650 | _aOCCUPANCY | ||
| 690 | _aBUILT ENVIRONMENT-BUILDING COSTS | ||
| 942 | _n0 | ||
| 999 |
_c70205 _d70205 |
||